| 000 | 00723nab a2200229 a 4500 | ||
|---|---|---|---|
| 005 | 20210223130346.0 | ||
| 008 | 991125s1985 mx 000 0 spa u | ||
| 035 | _aUPN01000153817 | ||
| 100 | 1 |
_aDurán, David _939378 |
|
| 100 | 1 | _udavid.duran@uab.cat | |
| 222 |
_aCULTURA Y EDUCACION : _bREVISTA DE TEORIA, INVESTIGACION Y PRACTICA |
||
| 245 | _aRead on : un programa de mejora de la lectura a través de la tutoría entre alumnos y el apoyo familiar | ||
| 260 | _aMadrid, España | ||
| 300 | _a31-45 | ||
| 362 | 0 | _a2007 Vol. 19, no. 1, mar. | |
| 653 | 0 | _aTUTORIA | |
| 653 | 0 | _aCOMPETENCIA ESCOLAR | |
| 653 | 0 | _aAPRENDIZAJE COOPERATIVO | |
| 700 | 1 | _aBlanch, Silvia, | |
| 700 | 1 | _ecoaut. | |
| 905 | _aArticulo | ||
| 999 |
_c125938 _d125938 |
||